All letters in 15 seconds - Statistics

General Stats
  • This quiz has been taken 705 times
  • The average score is 23 of 26
Answer Stats
Answer % Correct
E
96%
Q
93%
A
92%
D
90%
R
90%
F
89%
G
89%
I
89%
T
89%
W
89%
H
88%
O
88%
B
87%
C
87%
J
87%
K
87%
U
87%
L
86%
P
85%
M
84%
S
83%
Y
83%
N
82%
V
78%
Z
78%
X
77%
No matching quizzes found
Score Distribution
Percent of People with Each Score
Percentile by Number Answered
Your Score History
You have not taken this quiz